God save the hon'ble supreme court/ (Record no. 160190)

MARC details
000 -LEADER
fixed length control field 00714nam a22001817a 4500
005 - DATE AND TIME OF LATEST TRANSACTION
control field 20190117165142.0
010 ## - LCCN (DPL NO)
LC control number B-713069
020 ## - INTERNATIONAL STANDARD BOOK NUMBER
International Standard Book Number 9789386832627
Terms of availability 599.00
035 ## - SYSTEM CONTROL NUMBER
System control number B-713069
037 ## - SOURCE OF ACQUISITION
Source of stock number/acquisition L/RP/RKBooks
100 ## - MAIN ENTRY--PERSONAL NAME
Personal name Nariman, Fali S.
245 ## - TITLE STATEMENT
Title God save the hon'ble supreme court/
Statement of responsibility, etc Fali S. Nariman
260 ## - PUBLICATION, DISTRIBUTION, ETC. (IMPRINT)
Place of publication, distribution, etc New delhi
Name of publisher, distributor, etc Hay house publishers (india) Pvt ltd
Date of publication, distribution, etc 2018
270 ## - ADDRESS
Address Muskan Complex, Plot no. 3, B-2, Vasant kunj
City New delhi
Postal code 110070
Electronic mail address contatct@hayhouse.co.in
300 ## - PHYSICAL DESCRIPTION
Extent 304p.
Dimensions 22cm. (Hb)
942 ## - ADDED ENTRY ELEMENTS (KOHA)
Source of classification or shelving scheme Dewey Decimal Classification
Item type English Books
Call number suffix NAR
Holdings
Withdrawn status Lost status Not for loan Collection code Home library Current library Date acquired Source of acquisition Cost, normal purchase price Full call number Barcode Copy number Cost, replacement price Koha item type Public note
      Non-fiction Central Library Central Library 17/01/2019 RKBooks/IN2879/16.01.2019/175/09.01.2019/17.01.2019 599.00 NAR B-713069 1 599.00 English Books RP

© Delhi Public Library
Hit Counter
free hit counter